Helytállni magyarként

Podrobná bibliografia
Hlavní autori: Puha, József, 1974- (Autor, Tazateľ), Gyurcsík, Tibor, 1986- (Autor)
Médium: Článok
Jazyk:maďarčina
Fyzický popis:Fotogr.
ISSN:1335-7050
Predmet:

MARC

LEADER 00000nab a2200000 a 4500
001 vtls010598863
003 SK-MaSNL
005 20260318123541.0
008 171120c20140524xo d| | 000 0|2hun
015 |a SNBRB2014/05 
038 |a DSZK 
040 |a DSZK  |b slo  |c DSZK  |e AACR2 
041 0 |a hun 
044 |a xo  |c SK 
080 |a 78.071.2  |x (437.6)  |2 2001 
080 |a 7.097  |x (437.6)  |2 2001 
100 1 |a Puha, József,  |d 1974-  |4 ivr  |4 aut  |9 841893 
245 1 0 |a Helytállni magyarként  |c Puha József, Gyurcsík Tibor 
300 |b Fotogr. 
600 1 7 |a Gyurcsík, Tibor,  |d 1986-  |2 dszk  |9 1094768 
610 2 7 |a Televízia JOJ  |2 dszk  |9 237393 
611 2 7 |a X - Faktor  |d (2014 : Bratislava, Slovensko)  |2 dszk  |9 1313376 
648 7 |a 2014  |2 dszk  |9 334827 
650 0 7 |a rodáci  |2 snkbucl  |9 30842 
650 0 7 |a speváci  |2 SNKPH  |9 2848 
650 0 7 |a talentové súťaže  |2 dszk  |9 1095412 
651 7 |a Dunajská Streda (Slovensko)  |2 dszk  |9 17375 
651 7 |a Bratislava (Slovensko)  |2 SNKPH  |9 14568 
700 1 |a Gyurcsík, Tibor,  |d 1986-  |4 ive  |4 aut  |9 1094768 
773 0 |t Új szó  |g Évf. 67, sz. 118 (2014.5.24)  |x 1335-7050 
773 0 8 |a i Mell.:  |t Presszó  |g Évf. 8, sz. 21 (2014), o. 15 
852 |a DSZK  |b KIS3GCP 
958 |a HU 
958 |a SK 
999 |c 2643677  |d 2645607